[Event "POL-chT 66th"]
[Site "Katowice"]
[Date "2010.09.11"]
[Round "8"]
[White "Dworakowska, Joanna"]
[Black "Zawadzka, Jolanta"]
[Result "1-0"]
[WhiteElo "2315"]
[BlackElo "2410"]
[Annotator "RR"]
[PlyCount "75"]
[EventDate "2010.09.04"]
[EventType "team-tourn"]
[EventRounds "9"]
[EventCountry "POL"]
[SourceTitle "EXT 2016"]
[Source "ChessBase"]
[SourceDate "2015.10.08"]
[SourceVersion "1"]
[SourceVersionDate "2015.10.08"]
[SourceQuality "1"]
[WhiteTeam "Wroclaw"]
[BlackTeam "Wroclaw Polonia"]
[WhiteTeamCountry "POL"]
[BlackTeamCountry "POL"]

1. e4 e5 2. Nf3 Nc6 3. Bb5 a6 4. Ba4 Nf6 5. O-O b5 6. Bb3 Bc5 7. c3 d6 8. a4
Bg4 9. h3 Bh5 (9... Bxf3 10. Qxf3 O-O 11. d3 Na5 12. Bc2 b4 13. Nd2 Rb8 14. Rb1
Ba7 15. Nb3 Nxb3 16. Bxb3 h6 17. Bd2 a5 18. Kh1 Kh8 19. Qe2 Nd7 20. Bc4 Nc5 21.
Be3 Bb6 22. Bb5 Ne6 23. Bd2 Bc5 24. Qg4 Qe7 25. g3 bxc3 26. bxc3 Bxf2 27. Rxf2
c6 28. c4 cxb5 29. axb5 a4 30. Bb4 Nc5 31. Qf3 Nb3 32. Ra2 Ra8 33. Rf1 Qe6 34.
Qf5 Qe7 35. Kg2 f6 36. h4 Qb7 37. Kh2 Nd4 38. Qg4 Nb3 39. Qg6 {Leko,P (2755)
-Kasimdzhanov,R (2690) Moscow 2007 0-1 (89)}) 10. d3 Rb8 11. axb5 axb5 12. Re1
O-O 13. Nbd2 Ra8 14. Rxa8 Qxa8 15. Nf1 Na5 $146 (15... Qa7 16. Qe2 b4 17. g4
Bg6 18. Ne3 Rb8 19. Bc2 Qa1 20. Qd2 Qa2 21. Bd1 Nd8 22. g5 Bxe3 23. fxe3 Nd7
24. cxb4 Nc6 25. Qc3 Qa8 26. Nh4 Nxb4 27. Nxg6 hxg6 28. Bb3 Nc5 29. Bc4 Nbxd3
30. Rf1 Qxe4 {0-1 (30) Kovacevic,A (2525)-Anand,V (2765) Belgrade 1997}) 16.
Bc2 b4 17. Ng3 $14 Bg6 {[%csl Rg6]} 18. d4 $1 (18. Nh4 $5 {[%cal Gh4g6,Gh4f5]})
18... exd4 19. cxd4 b3 20. dxc5 (20. Bb1 Bb4) 20... bxc2 21. Qxc2 Nxe4 $6 22.
Nxe4 d5 23. Nf6+ $1 gxf6 24. Qc3 $36 {[%csl Ra5,Ra8,Rg8]} Kg7 25. b3 Nc6 26.
Bb2 Qd8 27. b4 $40 d4 28. Qd2 Re8 29. Rxe8 Qxe8 30. Nxd4 Nxd4 31. Qxd4 $18 Qe6
32. b5 Be4 33. Qd8 Bf5 34. Kh2 Qd7 35. Qxf6+ Kf8 36. c6 Qc8 37. Qh8+ Ke7 38.
Ba3+ 1-0

[Event "POL-chT 66th"]
[Site "Katowice"]
[Date "2010.09.11"]
[Round "8"]
[White "Chojnacki, Krzysztof"]
[Black "Kolosowski, Mateusz"]
[Result "1-0"]
[WhiteElo "2431"]
[BlackElo "2342"]
[Annotator "RR"]
[PlyCount "63"]
[EventDate "2010.09.04"]
[EventType "team-tourn"]
[EventRounds "9"]
[EventCountry "POL"]
[SourceTitle "EXT 2016"]
[Source "ChessBase"]
[SourceDate "2015.10.08"]
[SourceVersion "1"]
[SourceVersionDate "2015.10.08"]
[SourceQuality "1"]
[WhiteTeam "Poznan Pocztowiec"]
[BlackTeam "Prokonex"]
[WhiteTeamCountry "POL"]
[BlackTeamCountry "POL"]

1. e4 e5 2. Nf3 Nc6 3. Bb5 a6 4. Ba4 Nf6 5. O-O b5 6. Bb3 Bb7 (6... Be7) 7. d3
(7. Re1) 7... Bc5 8. Nc3 (8. a4 O-O) 8... d6 9. a4 (9. a3 h6 10. Ne2 {[%csl
Gf5]} O-O 11. Ng3 $14 {[%cal Gg3f5]}) 9... b4 10. Nd5 Na5 11. Bg5 (11. Nxf6+
Qxf6 12. Ba2 Bc8 $5 {[%cal Gc8g4]}) 11... Nxb3 12. Bxf6 gxf6 13. cxb3 f5 14.
Qc1 $146 (14. Qd2 fxe4 15. dxe4 O-O 16. Qh6 {Fontaine,R (2526)-Gullaksen,E 
(2370) Rilton Cup 33rd 2003 (5) 1-0}) 14... c6 15. Ne3 Bxe3 16. fxe3 fxe4 17.
dxe4 c5 18. Qc4 $1 $32 {[%csl Rf7][%cal Gf3e5]} Qe7 19. Nh4 $1 $40 {[%cal
Gh4f5]} Qe6 20. Nf5 O-O-O 21. Rad1 $16 {[%csl Rd6]} Rhe8 22. Qc2 (22. Nxd6+ $2
Rxd6 23. Qxc5+ Rc6 24. Qxb4 Kb8 {[%csl Rb3][%cal Gc6b6]} (24... Rb6 25. Qc5+
Kb8)) 22... Rg8 23. Rd2 {[%cal Gd2g2,Gf1d1]} Rd7 24. Rfd1 $18 d5 25. exd5 Qf6
26. e4 Rg4 27. Qxc5+ Kb8 28. Qxb4 Qg5 29. Rc2 a5 30. Qf8+ Ka7 31. Qc5+ Kb8 32.
Nd6 1-0

[Event "Cappelle op 31st"]
[Site "Cappelle la Grande"]
[Date "2015.03.02"]
[Round "3"]
[White "Jakubowski, Krzysztof"]
[Black "Grover, Sahaj"]
[Result "0-1"]
[WhiteElo "2559"]
[BlackElo "2519"]
[Annotator "RR"]
[PlyCount "78"]
[EventDate "2015.02.28"]
[EventType "swiss"]
[EventRounds "9"]
[EventCountry "FRA"]
[SourceTitle "EXT 2016"]
[Source "ChessBase"]
[SourceDate "2015.10.08"]
[SourceVersion "1"]
[SourceVersionDate "2015.10.08"]
[SourceQuality "1"]

1. e4 e5 2. Nf3 Nc6 3. Bb5 a6 4. Ba4 Nf6 5. O-O Bc5 6. d3 b5 7. Bb3 d6 8. a4 (
8. c3) (8. h3) 8... Bg4 9. c3 O-O 10. h3 Bxf3 11. Qxf3 Na5 12. Bc2 b4 13. Bg5 {
Un coup naturel pour tenter de profiter de la position du Bc5 mais le clouage
ne semble pas trop dangereux} (13. Nd2 $142 Rb8 14. Rb1 (14. Re1) 14... Ba7 15.
Nb3 Nxb3 16. Bxb3 h6 17. Bd2 a5 18. Kh1 Kh8 19. Qe2 Nd7 20. Bc4 Nc5 21. Be3 Bb6
22. Bb5 Ne6 23. Bd2 Bc5 24. Qg4 Qe7 25. g3 bxc3 26. bxc3 Bxf2 27. Rxf2 c6 28.
c4 cxb5 29. axb5 a4 30. Bb4 Nc5 31. Qf3 Nb3 32. Ra2 Ra8 33. Rf1 Qe6 34. Qf5 Qe7
35. Kg2 f6 36. h4 Qb7 37. Kh2 Nd4 38. Qg4 Nb3 39. Qg6 Nc5 40. Ra3 Nb3 41. Rf2
Qd7 42. Qf5 Qe7 {Leko,P (2755)-Kasimdzhanov,R (2690) Moscow 2007 0-1 (89)})
13... h6 14. Bh4 (14. Bxf6 Qxf6 15. Qxf6 gxf6 $11) 14... Rb8 15. Nd2 bxc3 16.
bxc3 Rb2 $132 17. Rfc1 Qe7 18. Nf1 Qe6 19. Ne3 $146 (19. Ng3 g5 20. Nf5 gxh4
21. d4 Bb6 22. d5 Qd7 23. Nxh6+ Kg7 24. Nf5+ Kh8 25. Nxh4 Nh7 26. Rab1 Rxb1 27.
Rxb1 Qd8 28. Nf5 Nb7 29. h4 Nc5 30. g4 Qd7 31. Ra1 f6 32. Kg2 Ba5 33. Qe3 Rg8
34. f3 Rb8 35. Kh3 Rb2 36. Bd1 Bb6 37. a5 Ba7 38. Qh6 Nd3 39. g5 Nf4+ {0-1 (39)
Monraba Capella,M (2240)-Oms Pallisse,J (2435) Spain 1998}) 19... Bxe3 20. fxe3
Rfb8 21. Ra3 {Le signe que la position Blanche n'est pas très saine} Nd7 22.
Bd1 Rd2 $36 23. c4 Nc5 (23... Rbb2) 24. Qf1 Nab3 25. Rc3 {La position Blanche
devient très difficile} (25. Rxb3 $5 {Peut-être un moindre mal} Rxb3 (25...
Nxb3 $2 26. Rb1 {[%csl Rb3,Rb8]}) 26. Bxb3 Nxb3 27. Rb1 Nc5) 25... Rb2 26. Kh2
$2 Nd2 $1 27. Qe1 Nb1 $19 28. Bg4 Qe8 29. a5 Nxa3 30. Rxa3 Rb1 31. Qg3 Rc1 32.
Bf5 Rbb1 33. Qg4 Rh1+ 34. Kg3 Rb2 35. d4 Ne6 36. dxe5 g5 37. exd6 cxd6 38. e5
Ng7 39. Kf3 Rf1+ 0-1

[Event "Olympiad-37"]
[Site "Turin"]
[Date "2006.05.22"]
[Round "2"]
[White "Zhigalko, Andrey"]
[Black "Lenic, Luka"]
[Result "1-0"]
[WhiteElo "2511"]
[BlackElo "2466"]
[Annotator "Reeh,O"]
[PlyCount "59"]
[EventDate "2006.05.21"]
[EventType "team-swiss"]
[EventRounds "13"]
[EventCountry "ITA"]
[SourceTitle "CBM 113"]
[Source "ChessBase"]
[SourceDate "2006.07.31"]
[SourceVersion "1"]
[SourceVersionDate "2006.07.31"]
[SourceQuality "1"]
[WhiteTeam "Belarus"]
[BlackTeam "Slovenia"]
[WhiteTeamCountry "BLR"]
[BlackTeamCountry "SLO"]

1. e4 e5 2. Nf3 Nc6 3. Bb5 a6 4. Ba4 Nf6 5. O-O b5 6. Bb3 Bb7 7. c3 Nxe4 8. d4
Be7 9. Re1 d5 10. dxe5 Na5 11. Bc2 c5 (11... O-O {was interesting, in order to
meet war interessant, um} 12. Nbd2 {with mit} f5 {zu begegnen.}) 12. Nbd2 Nxd2
13. Qxd2 O-O {This allows White to develop his forces with tempo. Erlaubt Weiß,
seine Kräfte mit Tempo zu entwickeln.} ({Consistent was Konsequent war} 13...
d4) 14. Qd3 g6 15. Bh6 Re8 16. e6 $1 f5 $146 (16... fxe6 17. Rxe6 Bf6 18. Rae1
Rxe6 19. Rxe6 {is also very unpleasant. ist ebenfalls sehr unangenehm.}) 17.
Ne5 Nc4 18. Nf7 Qb6 19. Qg3 Bd6 $146 ({A well-known self goal is Ein bekanntes
Eigentor ist} 19... Nd6 $4 20. Qe5 $1 {1-0 Venkat,S-Navin,K/Kochin 2004/CBM
103 ext (20)}) 20. Qh4 Be7 21. Qg3 Bd6 22. Qh3 Qc7 23. b3 Ne5 24. Nxd6 Qxd6 {
[%tqu "En","Black has encircled the pawn e6 and now threatens to take it. What
can White do?","The bishop on h6 spells trouble for the black king.","If the
g-file were opened, White could give a deadly queen check on g3 since the
black knight e5 could not move in between (the queen on d6 is hanging!).",
"c2f5","Protecting the pawn on e6 and ripping open Black's kingside.",15,"De",
"Schwarz hat den Bauern e6 eingekreist und droht nun, ihn abzuholen. Was kann
Weiß tun?","Der Läufer auf h6 verheißt Ärger für den schwarzen König.","Wenn
die g-Linie geöffnet würde, könnte Weiß ein tödliches Damenschach auf g3 geben,
da der Springer e5 nicht dazwischenziehen kann (die Dame d6 hängt!).","c2f5",
"Deckt den Bauern e6 und reißt die schwarze Königsstellung weiter auf.",15]}
25. Bxf5 $1 {Winning a pawn, while the attack continues. Gewinnt einen Bauern
bei anhaltendem Angriff.} Nc6 (25... gxf5 26. Qg3+ Kh8 (26... Ng6 27. Qxd6) 27.
Qg7#) 26. Bg4 d4 27. Rad1 Rad8 28. Bg5 Ne7 29. cxd4 cxd4 30. Bf6 1-0

[Event "Yopal"]
[Site "Yopal"]
[Date "1997.06.26"]
[Round "6"]
[White "Rodriguez Cespedes, Amador"]
[Black "Garcia, Gildardo"]
[Result "1-0"]
[WhiteElo "2555"]
[BlackElo "2485"]
[Annotator "Rodriguez,Am"]
[PlyCount "70"]
[EventDate "1997.06.20"]
[EventType "tourn"]
[EventRounds "9"]
[EventCountry "COL"]
[EventCategory "12"]
[SourceTitle "CBM 060"]
[Source "ChessBase"]
[SourceDate "1997.09.29"]
[SourceVersion "1"]
[SourceVersionDate "1997.09.29"]
[SourceQuality "1"]

1. e4 e5 2. Nf3 Nc6 3. Bb5 a6 4. Ba4 Nf6 5. O-O Bc5 {An interesting move order
that among other things avoids the direct assault on the queen side after:} (
5... b5 6. Bb3 Bc5 7. a4 $5) 6. c3 b5 7. Bc2 {and this is little price Black
has to pay for it, after all this move is probably nothing but it is worth
trying! Two rounds later Gildardo allowed it again but Leko retreated his
bishop to the natural b3 square.} d6 8. a4 Bg4 9. h3 Bh5 10. d3 (10. axb5 axb5
11. Rxa8 Qxa8 12. d3 O-O 13. b4 Bb6 {has been played in some recent games} 14.
Na3 (14. Bg5 {Van der Wiel-Atalik, Hoogovens 1997 annotated in CBM 57}) 14...
Qa6 15. Bb3 Nd8 16. g4 Bg6 17. Nh4 Ne6 {and now Judit Polgar played 18.Nf5
against Topalov in Dos Hermanas and 18.Nc2 against Illescas in Madrid scoring
only 0.5 in both games.}) 10... O-O 11. Nbd2 h6 (11... d5 $5 {would transpose
into a game Smirin-Izeta, Pula 1997 played a few days before this that went:}
12. Qe2 Re8 13. Rd1 b4 14. g4 Bg6 15. Nf1 bxc3 16. bxc3 d4 $1 $132) 12. Re1 Rb8
13. Nf1 d5 14. axb5 axb5 (14... dxe4 $2 15. bxc6 exf3 16. Ng3 $18) 15. Ng3 Bg6
(15... Bxf3 16. Qxf3 b4 17. Nf5 bxc3 18. bxc3 Kh8 19. Ba4 $16) (15... dxe4 $2
16. Nxh5 $16) 16. Nh4 $1 (16. exd5 Nxd5 $14 {/\} 17. Nxe5 Nxe5 18. Rxe5 $2
Bxf2+ $1 $17) 16... Re8 $4 {An incredible positional blunder. My opponent had
thought for almost an hour, apparently did not find what he wanted to and then
made a natural move quickly.... it happens so many times to most of us!} (16...
dxe4 $142 17. dxe4 Qxd1 18. Rxd1 $14) 17. Nxg6 fxg6 18. exd5 Nxd5 19. Ne4 Bf8
20. Qg4 {A dream position, Black can hardly avoid the very many inmediate
threats.} Rb6 21. Bb3 $1 Kh7 (21... Nb8 22. Be3 Rbe6 23. Ra8 $16) (21... Nce7
22. Be3 Rc6 23. Ra5 $16) (21... Kh8 22. Bxd5 Qxd5 23. Qxg6 $18) 22. Bxd5 $1
Qxd5 23. Bxh6 $3 {[%cal Re4f6,Rg4h4]} Be7 24. Be3 Rbb8 25. Ra6 Bd8 (25... Ra8
26. c4 $1 $18 {[%csl Rc6]}) 26. Bg5 Rb6 27. Ra8 $5 (27. Rxb6) 27... Kg8 28. Be3
{[%csl Rg6]} Nd4 $138 29. Bxd4 Rbe6 (29... Qxa8 30. Bxb6 cxb6 31. Qxg6 $18) (
29... exd4 30. Nf6+) 30. Rxd8 Rxd8 31. Be3 Ra6 32. Ng5 Qxd3 33. Qh4 Qc4 34.
Qh7+ Kf8 35. Qh8+ Ke7 {and Black resigned} 1-0

[Event "Yopal"]
[Site "Yopal"]
[Date "1997.06.28"]
[Round "8"]
[White "Leko, Peter"]
[Black "Garcia, Gildardo"]
[Result "1-0"]
[WhiteElo "2600"]
[BlackElo "2485"]
[Annotator "Rodriguez,Am"]
[PlyCount "103"]
[EventDate "1997.06.20"]
[EventType "tourn"]
[EventRounds "9"]
[EventCountry "COL"]
[EventCategory "12"]
[SourceTitle "CBM 060"]
[Source "ChessBase"]
[SourceDate "1997.09.29"]
[SourceVersion "1"]
[SourceVersionDate "1997.09.29"]
[SourceQuality "1"]

1. e4 {Wedberg} e5 2. Nf3 Nc6 3. Bb5 a6 4. Ba4 Nf6 5. O-O Bc5 6. c3 b5 7. Bb3
d6 8. a4 Bg4 (8... Rb8 9. d4 Bb6 10. axb5 axb5 11. Na3 Bg4 12. Nxb5 O-O 13. Bc2
(13. Be3 exd4 14. cxd4 Qe8 15. Ba4 Nxe4 16. Nc3 Nxc3 17. bxc3 Qe4 $132 {
Almasi,Z-Onischuk, Wijk aan Zee 1985}) 13... Bxf3 14. Qxf3 exd4 15. Bg5 h6 16.
Bh4 dxc3 17. bxc3 Ne5 18. Qe2 Ng6 19. Bg3 Re8 $11 {Polgar,J-Shirov, Linares
1997}) (8... Rb8 {Wedberg}) 9. h3 Bxf3 $5 $146 (9... Bh5 10. d3 Rb8 (10... O-O
11. Bg5 Rb8 12. axb5 axb5 13. Nbd2 $14 {Korneev-Gómez Esteban, Elgoibar 1996})
11. axb5 axb5 12. Re1 (12. Be3 Bxe3 13. fxe3 $14 {Leko-Shirov, Tilburg 1996} (
13. fxe3 {Wedberg} Bxf3 $6 14. Qxf3 O-O 15. Nd2 $14 {0-1 Leko,P-Shirov,A/
Tilburg Fontys 1996/CBM 56/[Shirov] (89)})) 12... h6 13. Nbd2 $14 {
Almasi-Degraeve, Pula 1997}) 10. Qxf3 O-O 11. d3 {Black has kept his rook on
a8 so it was not atractive to trade pawns on b5. Now that possibility is gone
forever and Black tries to explode the bad side of moving a2-a4.} Na5 12. Bc2
b4 $1 13. Nd2 Rb8 14. Re1 h6 $6 {This seems too slow to me and even so the
position from the white side did not look so promising since 15.Nf1 allows
bxc3 and Nb3. Black faces no inmediate problems and he may be intending
Nh7-g5-e6 to consolidate his position even further. At this point, however,
after a long thought Peter found a very deep idea.} (14... c6 $5) (14... Qd7 $5
) 15. Rb1 $1 {The conception is deep but understanding it is simple. If Black
does not play b4-b3 then White plays Nb3 to gain access to the diagonal a2-f7
for his bishop and he will be better.} (15. Nf1 {Wedberg} bxc3 16. bxc3 Nb3 $11
) 15... b3 (15... Qd7 16. Nb3 Qxa4 $4 17. Ra1) (15... bxc3 16. bxc3 Rxb1 17.
Nxb1 c6) 16. Bd1 Qd7 17. Ra1 {White wasted two tempos but in return the queen
side is now fixed and he can maneouver freely on the other side.} Nh7 $6 {
Following the old projected plan which is now wrong as we will soon see.} 18.
Qg3 Kh8 19. Bg4 $1 {The bishop's route is certainly remarkable, first a long
jump to b5, then 5 slow moves, one at step at the time and finally it is now
exerting pressure along a most unexpected diagonal in the Ruy Lopez.} Qd8 20.
Nf3 Nc6 21. Nh4 Ne7 22. Rd1 {Everything goes smothly, Black relieves his guard
from square d4, White goes for it at once!} Nf6 23. d4 Ba7 24. Qd3 a5 25. Be3
exd4 26. cxd4 Nxg4 27. hxg4 Qd7 28. Nf5 Nxf5 29. gxf5 {Two minor pieces were
traded, it usually relieves the pressure on the side with less space, in our
game Black of course, but as we can see the pawn structure is clearly in
White's favour.} Rb4 30. Rac1 Bb6 $6 31. Rc3 f6 (31... Qxa4 {Wedberg} 32. f6
Qb5 (32... gxf6 33. e5 $1 Rg8 34. Qf5 Rg6 35. Qc8+ Kg7 36. Bxh6+ Rxh6 37. Rg3+
Rg6 38. Rh3 $18) 33. fxg7+ Kxg7 34. Qd2 $13) 32. Rxb3 Rxa4 33. d5 $1 Bxe3 34.
Qxe3 Re8 35. f3 Rc4 36. Rc1 $1 $16 {White has a clear positional advantage
which he is able to convert by correct play.} Qa4 37. Rxc4 Qxc4 38. Qc3 Qxc3
39. Rxc3 Rc8 40. b3 Kg8 41. Kf2 Kf8 42. Kg3 $1 {[%cal Yg3g4,Yg4h5,Yh5g6]} g6
43. fxg6 {[%csl Rf5]} Kg7 44. Kf4 Kxg6 45. g4 $22 Rb8 46. Rxc7 Rxb3 47. Ra7 Rb8
48. Rxa5 Rb6 49. Ra7 Rb8 50. Rd7 Rb6 51. Rd8 Ra6 52. Rg8+ (52. Rg8+ Kf7 53. Rc8
{[%cal Yc8c6,Yf4f5]}) 1-0

[Event "Tan Chin Nam Cup 4th"]
[Site "Beijing"]
[Date "1998.06.13"]
[Round "6"]
[White "Onischuk, Alexander"]
[Black "Lin, Weiguo"]
[Result "1/2-1/2"]
[WhiteElo "2610"]
[BlackElo "2460"]
[Annotator "Rodriguez,Am"]
[PlyCount "104"]
[EventDate "1998.06.08"]
[EventType "tourn"]
[EventRounds "11"]
[EventCountry "CHN"]
[EventCategory "12"]
[SourceTitle "CBM 066"]
[Source "ChessBase"]
[SourceDate "1998.09.30"]
[SourceVersion "1"]
[SourceVersionDate "1998.09.30"]
[SourceQuality "1"]

{Wedberg: Lin Weiguo comes up with a nice attempt to save Black against the
hungarian super weapon 12.Nd2. If it holds or not is still a moot question.} 1.
e4 {Wedberg} e5 2. Nf3 Nc6 3. Bb5 a6 4. Ba4 Nf6 5. O-O b5 6. Bb3 Bb7 7. c3 Nxe4
8. d4 Na5 9. Bc2 exd4 10. Nxd4 c5 (10... Ng5 11. a4 c5 12. Qe2+ Ne6 13. Nxe6
dxe6 14. axb5 axb5 15. Qxb5+ Bc6 16. Qe2 Be7 17. Qg4 O-O 18. Bh6 Bf6 19. Nd2
Kh8 $13 {Almasi,Z-Onischuk,A/Mamaia 1991}) 11. Nf5 (11. Bxe4 Bxe4 12. Re1 d5
13. Nf5 Qd7 (13... g6 14. Ne3 Be7 15. f3 d4 16. cxd4 Bxb1 17. d5 O-O 18. Rxb1
Bf6 19. b3 Qb6 20. Kh1 Rad8 21. Bb2 $14 {Wantiez,F-Van de Oudeweetering,A/
Antwerp BEL 1998}) 14. Ng3 Be7 15. Nd2 Bg6 16. Nf3 Nc6 17. h4 h6 18. Ne5 Nxe5
19. Rxe5 O-O-O 20. h5 Bf6 21. Re1 Be4 22. a4 $44 {Polgar,S-Potapov/Skoda open
1994}) 11... Qf6 12. Nd2 (12. Ne3 Qe6 13. f3 {1/2-1/2 Geller,E-Kuzmin,A/Berlin
1991}) (12. Qf3 Ng5 $1 (12... Nd6 $5 13. Qe3+ Kd8 14. Qxc5 Ne4 15. Qd4 Qxf5 16.
Nd2 Qf6 17. Nxe4 Qxd4 18. cxd4 $14 {Renet,O-Shirov,A/Correze 1991/CBM 23}) 13.
Qe2+ Ne6 14. Bf4 {14.a4!?} Nc4 15. Na3 O-O-O 16. Bg3 Nxa3 17. bxa3 g6 $1 $17 {
Renet,O-Shirov,A/Correze 1991/CBM 23}) (12. Qg4 h5 13. Qf3 d5 14. Nd2 g6 15.
Nxe4 dxe4 16. Bxe4 O-O-O 17. Bxb7+ Nxb7 18. Nd4 Qxf3 19. Nxf3 Bg7 20. a4 b4 21.
cxb4 cxb4 22. Bd2 a5 23. Rac1+ Kb8 24. Bf4+ Ka7 25. Ne5 Bxe5 26. Bxe5 Rhe8 27.
Rfe1 Re6 28. f4 Ka6 29. Kf1 Rd5 $1 $10 {Kotronias,V-Mozetic,D/Karditsa 1994/
CBM 43}) 12... Qxf5 $5 $146 {An unexpected novelty since 12...d5 was always
considered to be the only move. This was considered to be unplayable when 12.
Nd2 first saw the day of light.} (12... d5 13. Nxe4 dxe4 14. Ng3 Be7 15. Nxe4
Qc6 16. Qh5 $1 g6 (16... Qg6 17. Qe2 Qe6 18. Re1 h6 $4 19. Nxc5 $1 Qxe2 20.
Rxe2 $18 {Yurtaev,L-Mozaliov,S/Smolensk 1997/EXP 58}) (16... Nc4 17. b3 g6 18.
Qh3 Nd6 19. Re1 O-O 20. Bf4 Nf5 21. Ng5 Bxg5 22. Bxg5 Ng7 23. Be7 Rfc8 24. Rad1
Qb6 25. Re3 Re8 26. Qh6 Nh5 27. Re5 Ng7 28. Rd6 $18 {Almasi,Z-Beliavsky,A/
Dortmund GER 1998}) 17. Qe5 f6 18. Qg3 O-O 19. f3 $1 Rfe8 (19... Rad8 20. Bf4
Rd7 21. Rfe1 Qb6 22. Re2 Bd5 23. b3 Bf7 24. Rae1 b4 25. Nf2 Bd8 26. Bf5 Rd5 27.
Be6 $16 {Zontakh,A-Petronic,J/, Belgrade YUG (6) 1996}) 20. Nf2 $6 (20. Bf4 $1
Nc4 21. Bb3 $1 Kg7 22. Bxc4 bxc4 23. Rae1 Rad8 24. Re2 $16) 20... Bd6 $1 $8 21.
Bf4 Rad8 22. Rfe1 Bxf4 23. Qxf4 f5 $11 {Leko,P-Mozetic,D/Tilburg 1993/CBM 39})
({For} 12... d5 {Wedberg see Almasi,Z - Beliavski,A/Dortmund 1998/CBM66.}) 13.
Nxe4 Qd5 $1 {The key move, otherwise Black would hardly survive. White is a
pawn down and now he has his choice to find something strong in return.} (13...
Bxe4 {Wedberg} 14. Bxe4 Qxe4 15. Re1 $16) 14. Bg5 {14.Re1 and 14.Qe2 were to
be considered too but I can imagine that over the board it was certainly
difficult to arrive to a definite conclusion.} (14. Qe2) (14. Re1 {Wedberg}
O-O-O $13 (14... Qxd1 15. Nd6+ Kd8 16. Nxf7+ Kc7 17. Rxd1 $18)) 14... Qxd1 15.
Raxd1 d5 (15... f6 $2 {Wedberg} 16. Nxf6+ gxf6 17. Rfe1+ Kf7 18. Rxd7+ Kg8 19.
Bf5 $18) 16. Rfe1 (16. Nf6+ {Wedberg} gxf6 17. Bxf6 Rg8 18. Bxh7 Rg6 19. Rfe1+
Kd7 20. Bxg6 fxg6 $13) 16... Kd7 (16... dxe4 $2 {Wedberg} 17. Bxe4 $18) 17. Be3
Nc4 $1 (17... Rc8 $2 18. Ng5 $16 {[%cal Rc2f5]}) (17... Kc6 {Wedberg} 18. Ng5
$18) 18. Nxc5+ (18. Ng5 $5 {Wedberg} Be7 (18... Nxb2 19. Rb1 Nc4 20. Nxf7 Nxe3
21. Rxe3 $16) 19. Bf5+ Kc6 20. Nxf7 Rhf8 21. Be6 $14) 18... Bxc5 19. Bxc5 Nxb2
{After checking tactical lines with Fritz I come to the conclusion that we
have followed a logical path after Black's novelty. This resulting position is
critical to evaluate if White has adequate compensation for this pawn.} 20. Rd2
(20. Rb1 Rae8 $1 {and Black is able to protect his knight and the square e7 at
the same time.}) 20... Rhe8 (20... Rae8 $5) 21. Rde2 g6 22. Re7+ Rxe7 23. Rxe7+
Kc6 24. Bd4 $1 (24. Rxf7 Kxc5 25. Rxb7 Re8 {[%cal Ye8e1,Ye1c1,Rc1c3]}) 24...
Rf8 (24... Nc4 25. Rxf7 Re8 26. h4 Re2 $132) 25. f4 (25. Bg7 Rd8 26. Rxf7 Rd7
$11) 25... Nc4 26. Bg7 Rg8 (26... Rd8) 27. Bf6 Rf8 28. Kf2 $6 Bc8 (28... Nd6 $5
) 29. Bg7 Rg8 30. Rxf7 Nd6 31. Re7 Bf5 32. Bb3 Nc8 33. Rf7 Be6 (33... Nd6 34.
Ra7 Nc8 $2 35. Rxa6+ Kb7 36. Bxd5+ $18 (36. Rxg6 $18)) 34. Rf6 Rxg7 35. Rxe6+
Nd6 $14 36. g4 Kc5 37. Bc2 Rf7 38. Kg3 a5 39. h4 b4 40. cxb4+ axb4 41. Re5 Kd4
42. h5 Rc7 43. Bb3 Ne4+ 44. Kg2 Rd7 45. hxg6 hxg6 46. Re6 Ke3 47. Rxg6 Kxf4 48.
Rb6 Kxg4 49. Rxb4 Kf4 50. Rd4 Rg7+ 51. Kh2 Rh7+ 52. Kg2 Rg7+ 1/2-1/2